000 01264nam2a2200265 4500
001 RU\NLR\bibl\1462611
005 20250615235356.0
010 _a978-5-7681-0480-1
_9200
021 _aRU
_b2009-94172
_95966
035 _a(NLR Aleph) 001454357
090 _a1543122
_c1543122
100 _a20100120d2009 |||y0rusy50 ca
101 0 _arus
102 _aRU
105 _aa |||||||||
200 0 _aЧ. 2
210 _d2009
_aБ. м.
215 _a189 с.
_cил.
320 _aБиблиогр. в конце ст.
461 0 _1001RU\NLR\bibl\1439105
_12001#$aМатериалы и упрочняющие технологии - 2009$vЧ. 2
_91402400
_cКурск
_d2009
_fред. кол. В.Н. Гадалов (отв. ред. [и др.]
_nКурский государственный технический университет
_oсборник материалов XVI Российской научно-технической конференции с международным участием, 21-23 апреля 2009 года : [в 2 ч.]
_tМатериалы и упрочняющие технологии - 2009
_y978-5-7681-0476-4
_vЧ. 2
801 0 _aRU
_bNLR
_c20100120
_gRCR
801 1 _aRU
_bNLR
_c20100120
942 _cBOOK
980 _aNB